| 000 | 00436nam a2200157Ia 4500 | ||
|---|---|---|---|
| 008 | 210210b1999 xxu||||| |||| 00| 0 eng d | ||
| 020 | _a0 14 100664 1 | ||
| 082 | _a324.25481 EASB | ||
| 100 | _aEASWARAN (Eknath). | ||
| 245 | _aBadshah Khan: a man to match his mountains. | ||
| 260 |
_aNew Delhi. _bPenguin Books India (P) Ltd _c1999 |
||
| 300 | _a274 | ||
| 650 | _aKhan Abdul Gafar Khan | ||
| 690 | _aBiography | ||
| 906 | _a056785 | ||
| 999 |
_c104247 _d104247 |
||